Implementación : cómo grandes expectativas concebidas en Washington se frustran en Oakland /

En años recientes, la implementación de los programas políticos se ha convertido en un tema muy discutido pero poco estudiado. Los políticos y funcionarios públicos se quejan de que sus mejores ideas se disipan cuando son puestas en práctica. Buscando soluciones, los autores proponen que los program...

Descripción completa

Detalles Bibliográficos
Autor principal: Pressman, Jeffrey L.
Otros Autores: Wildavsky, Aaron B.
Formato: Libro
Lenguaje:español
Publicado: México Fondo de Cultura Económica 1998
Colección:Sección de obras de política y derecho
Materias:
Acceso en línea:

MARC

LEADER 00000cam a2200000 a 4500
001 012161
003 UAHC_CL
005 20170803120858.0
008 170315s1998 mx 000 spa
020 |a 9681651502 
040 |a UAHC_CL  |c UAHC_CL  |d UAHC_CL 
082 0 4 |a 350  |b P935  |2 20 
100 1 |a Pressman, Jeffrey L. 
245 1 0 |a Implementación :  |b cómo grandes expectativas concebidas en Washington se frustran en Oakland /  |c Jeffrey L. Pressman y Aaron Wildavsky. 
260 |b Fondo de Cultura Económica  |a México  |c 1998 
300 |a 411 p. 
490 0 |a Sección de obras de política y derecho 
520 |a En años recientes, la implementación de los programas políticos se ha convertido en un tema muy discutido pero poco estudiado. Los políticos y funcionarios públicos se quejan de que sus mejores ideas se disipan cuando son puestas en práctica. Buscando soluciones, los autores proponen que los programas políticos se evalúen para determinar si un programa político es o no adecuado. 
650 4 |a ADMINISTRACION PUBLICA 
650 4 |a POLITICA PUBLICA 
653 |a ADMINISTRACION PUBLICA 
700 1 |a Wildavsky, Aaron B. 
900 |a 350 PRE 
942 |c BK 
952 |0 0  |1 0  |4 0  |6 350_000000000000000_PRE  |7 0  |8 General  |9 24863  |a BC  |b BC  |c General  |d 2017-08-03  |l 0  |o 350 PRE  |p 2685  |r 2026-01-13 00:00:00  |t 1  |w 2017-08-03  |y BK 
999 |c 12161  |d 12161